| 000 | 01801nam a2200469Ii 4500 | ||
|---|---|---|---|
| 001 | DIGANAGRA0001 | ||
| 003 | NyNyDIG | ||
| 006 | m o d | ||
| 007 | cr ||||||||||| | ||
| 008 | 150401t20122012sp a o 000 1 spa d | ||
| 035 | _a(OCoLC)991898000 | ||
| 040 |
_aDGITA _beng _erda _epn _cDGITA |
||
| 020 |
_a9788433933546 _q(eBook ; _qePub) |
||
| 020 | _z9788433972415 | ||
| 020 | _z8433972413 | ||
| 050 | 1 | 4 | _aPQ6651.L484 eBook |
| 100 | 1 |
_aAlmodóvar, Pedro, _eauthor. |
|
| 245 | 1 | 3 |
_aLa piel que habito / _cPedro Almodóvar ; prólogo de Vicente Molina Foix. |
| 250 | _aEdición en formato digital. | ||
| 264 | 1 |
_aBarcelona : _bEditorial Anagrama, _cenero de 2012. |
|
| 264 | 4 | _c©2012 | |
| 300 |
_a1 online resource : _bcolor illustrations |
||
| 336 |
_atext _btxt _2rdacontent |
||
| 337 |
_acomputer _bc _2rdamedia |
||
| 338 |
_aonline resource _bcr _2rdacarrier |
||
| 490 | 1 |
_aNarrativas hispánicas ; _v499 |
|
| 588 | 0 | _aOnline resource; title from ePub title page (Digitalia, viewed April 20, 2015) | |
| 650 | 0 |
_aSpanish fiction _y21th century. |
|
| 650 | 0 |
_aPlastic surgeons _vFiction. |
|
| 650 | 0 |
_aHuman experimentation in medicine _vFiction. |
|
| 650 | 0 |
_aBurns and scalds _xTreatment _vFiction. |
|
| 650 | 0 |
_aMissing persons _vFiction. |
|
| 655 | 0 | _aElectronic books. | |
| 700 | 1 |
_aMolina-Foix, Vicente, _d1946- _eeditor. |
|
| 791 | 2 |
_aDigitalia (Firm), _edistributor. |
|
| 793 | 0 |
_gDigitalia Hispánica eBook Collection: _aAnagrama |
|
| 776 | 0 | 8 |
_iPrint version: _aAlmodóvar, Pedro. _tPiel que habito. _dBarcelona : Editorial Anagrama, 2012 _z9788433972415 _w(OCoLC)792928342 |
| 830 | 0 |
_aNarrativas hispánicas ; _v499. |
|
| 856 | 4 | 0 |
_3Digitalia Hispánica _uhttps://www.digitaliapublishing.com/a/33126/ |
| 910 | _aPremium Collection: 2016 | ||
| 942 | _cRAA | ||
| 999 |
_c241768 _d241768 |
||